Detalles MARC
| 000 -LEADER |
| fixed length control field |
01816nam a22004817a 4500 |
| 001 - CONTROL NUMBER |
| control field |
001 |
| 003 - CONTROL NUMBER IDENTIFIER |
| control field |
DO-SdBNP |
| 005 - DATE AND TIME OF LATEST TRANSACTION |
| control field |
20180124143700.0 |
| 007 - PHYSICAL DESCRIPTION FIXED FIELD--GENERAL INFORMATION |
| fixed length control field |
001 |
| 008 - FIXED-LENGTH DATA ELEMENTS--GENERAL INFORMATION |
| fixed length control field |
150916b2009 sp |||| |||| 00| 0 spa d |
| 020 ## - INTERNATIONAL STANDARD BOOK NUMBER |
| International Standard Book Number |
9788496943445 (obra completa : encuadernada) |
| 020 ## - INTERNATIONAL STANDARD BOOK NUMBER |
| International Standard Book Number |
9788496943452 (v.1) |
| 020 ## - INTERNATIONAL STANDARD BOOK NUMBER |
| International Standard Book Number |
9788496943469 (v.2) |
| 020 ## - INTERNATIONAL STANDARD BOOK NUMBER |
| International Standard Book Number |
9788496943476 (v.3) |
| 020 ## - INTERNATIONAL STANDARD BOOK NUMBER |
| International Standard Book Number |
9788496943483 (v.4) |
| 020 ## - INTERNATIONAL STANDARD BOOK NUMBER |
| International Standard Book Number |
9788496943490 (v.5) |
| 020 ## - INTERNATIONAL STANDARD BOOK NUMBER |
| International Standard Book Number |
9788496943506 (v.6) |
| 040 ## - CATALOGING SOURCE |
| Original cataloging agency |
BPMSU |
| Language of cataloging |
spa |
| Transcribing agency |
BPMSU |
| 082 #4 - DEWEY DECIMAL CLASSIFICATION NUMBER |
| Classification number |
553.7 |
| Item number |
A282v |
| 245 ## - TITLE STATEMENT |
| Title |
El Agua y la vida / |
| Statement of responsibility, etc. |
coordinación de textos de José Luis Rodríguez |
| 260 ## - PUBLICATION, DISTRIBUTION, ETC. (IMPRINT) |
| Place of publication, distribution, etc. |
Barcelona : |
| Name of publisher, distributor, etc. |
Planeta, |
| Date of publication, distribution, etc. |
2009 |
| 300 ## - PHYSICAL DESCRIPTION |
| Extent |
6 v. : |
| Other physical details |
il., retrs ; |
| Dimensions |
38 cm. |
| 500 ## - GENERAL NOTE |
| General note |
Incluye índice. |
| 505 ## - FORMATTED CONTENTS NOTE |
| Miscellaneous information |
v. 1: |
| Title |
El planeta azul -- |
| Miscellaneous information |
v. 2. : |
| Title |
La cuna de la vida -- |
| Miscellaneous information |
v. 3 |
| Title |
La vida y el mar -- |
| Miscellaneous information |
v. 4. : |
| Title |
El hombre y el mar -- |
| Miscellaneous information |
v. 5. : |
| Title |
Las arterias de la tierra -- |
| Miscellaneous information |
v. 6. : |
| Title |
El futuro del agua. |
| 505 ## - FORMATTED CONTENTS NOTE |
| Title |
La vida en el océano. Planeta azul -- Viaje a las profundidaes -- Océanos infinitos -- Mares de hielo -- Las estaciones del mar -- Mar de coral -- Mareas vivas -- Litorales marinos -- Profundidades en peligro. |
| 650 ## - SUBJECT ADDED ENTRY--TOPICAL TERM |
| Topical term or geographic name as entry element |
HIDROLOGÍA |
| 650 ## - SUBJECT ADDED ENTRY--TOPICAL TERM |
| Topical term or geographic name as entry element |
AGUA |
| 650 ## - SUBJECT ADDED ENTRY--TOPICAL TERM |
| Topical term or geographic name as entry element |
MEDIO AMBIENTE |
| 650 ## - SUBJECT ADDED ENTRY--TOPICAL TERM |
| Topical term or geographic name as entry element |
OCEONOGRAFIA |
| 700 12 - ADDED ENTRY--PERSONAL NAME |
| Relator code |
Rodriguez, José Luis. |
| 740 ## - ADDED ENTRY--UNCONTROLLED RELATED/ANALYTICAL TITLE |
| Uncontrolled related/analytical title |
El planeta azul. |
| 740 ## - ADDED ENTRY--UNCONTROLLED RELATED/ANALYTICAL TITLE |
| Uncontrolled related/analytical title |
La cuna de la vida. |
| 740 ## - ADDED ENTRY--UNCONTROLLED RELATED/ANALYTICAL TITLE |
| Uncontrolled related/analytical title |
La vida y el mar. |
| 740 ## - ADDED ENTRY--UNCONTROLLED RELATED/ANALYTICAL TITLE |
| Uncontrolled related/analytical title |
El hombre y el mar. |
| 740 ## - ADDED ENTRY--UNCONTROLLED RELATED/ANALYTICAL TITLE |
| Uncontrolled related/analytical title |
Las arterias de la tierra. |
| 740 ## - ADDED ENTRY--UNCONTROLLED RELATED/ANALYTICAL TITLE |
| Uncontrolled related/analytical title |
El futuro del agua. |
| 740 ## - ADDED ENTRY--UNCONTROLLED RELATED/ANALYTICAL TITLE |
| Uncontrolled related/analytical title |
El agua en el planeta. |
| 740 ## - ADDED ENTRY--UNCONTROLLED RELATED/ANALYTICAL TITLE |
| Uncontrolled related/analytical title |
La vida en el océano |
| 910 ## - USER-OPTION DATA (OCLC) |
| User-option data |
Validado. Control de calidad MFF |
| 942 ## - ADDED ENTRY ELEMENTS (KOHA) |
| Source of classification or shelving scheme |
Dewey Decimal Classification |
| Koha item type |
Libros |
| 945 ## - LOCAL PROCESSING INFORMATION (OCLC) |
| a |
Inventariado extranjero / 2017 VM |
| 956 ## - LOCAL ELECTRONIC LOCATION AND ACCESS (OCLC) |
| Host name |
VMATEO |
| Access method |
10 |
| Materials specified |
20171109 |
| Linkage |
BPMSU |
| Field link and sequence number |
0069 |